Meilleurs hopitaux de france - Statistiques

Statistiques générales
  • Ce quiz a été pris 21 fois
  • Le résultat moyen est 5 sur 10
Statistiques - réponses
N°1 Ville % Correct
9 Paris
100%
2 Bordeaux
69%
3 Lille
63%
6 Nantes
63%
1 Toulouse
50%
7 Strasbourg
44%
8 Rennes
38%
10 Tours
25%
4 Montpellier
19%
5 Nancy
19%
Aucun quiz correspondant
Distribution des résultats
% des personnes avec chaque résultat
Percentile par nombre de réponses
Votre historique - résultats
Vous n’avez pas pris ce quiz